| 000 | 01101nam a2200289 i 4500 | ||
|---|---|---|---|
| 003 | DO-SdBNP | ||
| 005 | 20260415134915.0 | ||
| 007 | ta | ||
| 008 | 201208b2010 dr ||||| |||| 00| 0 spa d | ||
| 040 |
_aDO-SdBNP _bspa _cBNPHU _erda |
||
| 041 | _aspa | ||
| 082 | 4 |
_a342.729302 _bR426r 2010 _222 |
|
| 110 | 1 |
_aRepública Dominicana. _bMinisterio de Economía, Planificación y Desarrollo _966142 |
|
| 240 | 1 | 0 | _aConstitución (2010) |
| 245 | 1 | 0 |
_aConstitución de la República Dominicana / _ctexto anotado por, Pedro Luis Gago Clérigo. |
| 264 | 1 |
_aSanto Domingo : _bMinisterio de Economía, Planificación y Desarrollo, _c2010. |
|
| 300 |
_a144 páginas ; _c21 cm. |
||
| 336 |
_atexto _btxt _2rdacontent |
||
| 337 |
_asin mediación _bn _2rdamedia |
||
| 338 |
_avolumen _bnc _2rdacarrier |
||
| 590 | _aInventariado, 2020 /LP | ||
| 651 | 4 |
_aRepública Domincana _xConstitución _y2010 _978359 |
|
| 651 | 4 |
_aRepública Dominicana _xDerecho constitucional _99303 |
|
| 700 | 1 |
_aGago Clérigo, Pedro Luis _etexto _4txt. _977544 |
|
| 910 | _aLP/ Validado.Control de calidad MFF | ||
| 942 |
_2ddc _cLBS1 |
||
| 999 |
_c49261 _d49261 |
||